000 00860nam a22002297a 4500
999 _c15684
_d15684
003 MIRAKIL
005 20240320151228.0
008 240320b tu ||||| |||| 00| 0 tur d
020 _a9789751751577
040 _aTR-AnCHP
_cTR-AnCHP
041 _atur
082 _a819.1
_bR85h 2022
100 _aCamizade Kelami-i Rumi,
245 1 0 _aCamizade Kelami-i Rumi -hayatı, eserleri ve ravza isimli mesnevisi- :
_b(giriş-metin-ekler) /
_c[hazırlayan]: Cihan Okuyucu
260 _aAnkara :
_bTürk Dil Kurumu,
_c2022
300 _a230 sayfa :
_brenkli resim ;
_c24 cm.
490 0 _aAtatürk Kültür, Dil ve Tarih Yüksek Kurumu Türk Dil Kurumu yayınları ;
_v1465.
504 _aKaynakça: 61-64. sayfa
650 0 _97726
_aDivan şiiri
856 _zDijital Nüshası için Partimizin Kütüphane Sorumlusu ile iletişime geçiniz.
942 _2ddc
_cBKS